003330000a220009700045001000019000007000028000197000025000472450099000720410013001717730051001841 aMintzer , Alex1 aQuiroz Robledo, Luis N.1 aDeloya, Cuauhtémoc10aFoundation of colonies of Atta Mexicana (F. Smith) (Hymenoptera: Formicidae) in the laboratory0 aInglés1 tFolia entomologica mexicanah82q133-138d1991